[Event "World School-ch U13 Girls"]
[Site "Antalya"]
[Date "2019.04.24"]
[Round "7"]
[White "Kiziltas, Ece Su"]
[Black "Alen, Aisha"]
[Result "1-0"]
[WhiteElo "1397"]
[BlackElo "1814"]
[PlyCount "101"]
[EventDate "2019.04.18"]
[EventType "swiss"]
[EventRounds "9"]
[EventCountry "TUR"]
[SourceTitle "CBM 190 Extra"]
[Source "ChessBase"]
[SourceDate "2019.07.15"]
[SourceVersion "1"]
[SourceVersionDate "2019.07.15"]
[SourceQuality "1"]

1. d4 Nf6 2. Nf3 g6 3. b3 Bg7 4. Bb2 0-0 5. e3 c5 6. c4 cxd4 7. Nxd4 d5 8. Nc3 Nc6 9. Nxc6 bxc6 10. Bd3 Qd6 11. cxd5 cxd5 12. h3 Bb7 13. 0-0 a6 14. Rc1 e5 15. Na4 Nd7 16. Qd2 d4 17. Bc4 Nb6 18. Nxb6 Qxb6 19. exd4 exd4 20. Ba3 Rfe8 21. Qf4 Bf6 22. Bxf7+ Kxf7 23. Qc7+ Qxc7 24. Rxc7+ Kg8 25. Rxb7 Re2 26. Rd1 Rxa2 27. Bc5 Rd8 28. Bb6 Rd5 29. Rc1 Bg7 30. Rc8+ Bf8 31. Rbb8 Rf5 32. Bxd4 Raa5 33. g4 Rf7 34. Bc5 Rxc5 35. Rxc5 Kg7 36. Rc6 a5 37. Ra8 Bb4 38. Kg2 Be1 39. f3 Bb4 40. Rac8 h6 41. R8c7 Rxc7 42. Rxc7+ Kf6 43. Rc6+ Kg7 44. Kf2 g5 45. Ke3 Be1 46. Kd3 Bb4 47. Kc4 Be1 48. Kb5 Bb4 49. Ra6 Bd2 50. Rxa5 Bxa5 51. Kxa5 1-0

[Event "World School-ch U13 Girls"]
[Site "Antalya"]
[Date "2019.04.21"]
[Round "4"]
[White "Keskin, Elif"]
[Black "Alen, Aisha"]
[Result "1-0"]
[WhiteElo "1812"]
[BlackElo "1814"]
[PlyCount "115"]
[EventDate "2019.04.18"]
[EventType "swiss"]
[EventRounds "9"]
[EventCountry "TUR"]
[SourceTitle "CBM 190 Extra"]
[Source "ChessBase"]
[SourceDate "2019.07.15"]
[SourceVersion "1"]
[SourceVersionDate "2019.07.15"]
[SourceQuality "1"]

1. d4 Nf6 2. c4 c5 3. d5 b5 4. cxb5 a6 5. b6 d6 6. Nc3 Nbd7 7. Nf3 g6 8. e4 Bg7 9. h3 0-0 10. Be2 Nxb6 11. 0-0 Qc7 12. Bf4 Bb7 13. Re1 Rad8 14. Qb3 Rfe8 15. Rad1 e6 16. dxe6 Rxe6 17. e5 Nh5 18. exd6 Qc6 19. Bh2 Be5 20. Bxe5 c4 21. Bxc4 Nxc4 22. Nd5 Rd7 23. Ne7+ Rdxe7 24. dxe7 Nxe5 25. Qc3 Qxc3 26. bxc3 f6 27. Nxe5 fxe5 28. Rd8+ Kf7 29. e8Q+ Rxe8 30. Rxe8 Kxe8 31. Rxe5+ Kd7 32. g3 Nf6 33. c4 Kd6 34. f4 Ne4 35. g4 Bc6 36. Ra5 Nc5 37. Kf2 Ba4 38. f5 gxf5 39. gxf5 Bc2 40. f6 Bg6 41. Kf3 Bf7 42. Kg4 Bxc4 43. Kg5 Bb5 44. Kh6 Nd7 45. Kg7 Ke6 46. f7 Ke7 47. a4 Bc4 48. Re5+ Be6 49. Re3 Nf8 50. h4 h5 51. a5 Nd7 52. Rd3 Nf8 53. Re3 Nd7 54. Re2 Nf8 55. Re1 Nd7 56. Rd1 Nf8 57. Rb1 Bc4 58. Rb7+ 1-0

[Event "World School-ch U13 Girls"]
[Site "Antalya"]
[Date "2019.04.18"]
[Round "1"]
[White "Alen, Aisha"]
[Black "Akat, Elifnaz"]
[Result "1/2-1/2"]
[WhiteElo "1814"]
[BlackElo "1416"]
[PlyCount "93"]
[EventDate "2019.04.18"]
[EventType "swiss"]
[EventRounds "9"]
[EventCountry "TUR"]
[SourceTitle "CBM 190 Extra"]
[Source "ChessBase"]
[SourceDate "2019.07.15"]
[SourceVersion "1"]
[SourceVersionDate "2019.07.15"]
[SourceQuality "1"]

1. e4 c5 2. Nc3 e6 3. Nf3 a6 4. d4 cxd4 5. Nxd4 Qc7 6. g3 Bb4 7. Bd2 Nf6 8. Bg2 Nc6 9. Nb3 0-0 10. a3 Bxc3 11. Bxc3 e5 12. 0-0 d6 13. h3 Be6 14. f4 Rfd8 15. Kh2 Qe7 16. Qe2 b5 17. Nd2 Rac8 18. f5 Bd7 19. g4 h6 20. Nf3 d5 21. Ng1 dxe4 22. Bxe4 Nd4 23. Bxd4 exd4 24. Bd3 Qd6+ 25. Kh1 Bc6+ 26. Nf3 Qg3 27. Qg2 Qxg2+ 28. Kxg2 Nd5 29. Kg3 Ne3 30. Rf2 Bxf3 31. Kxf3 Kf8 32. Re2 Rc5 33. Rae1 Nc4 34. Bxc4 bxc4 35. Rb1 Ra5 36. Ra1 Rb5 37. Rb1 Rdb8 38. Ke4 Re8+ 39. Kf3 Reb8 40. Rd1 Rd8 41. c3 d3 42. Re4 Rxb2 43. Rxc4 Rh2 44. h4 d2 45. Rd4 Rc8 46. c4 Rh3+ 47. Kf4 1/2-1/2

[Event "Wch U10 Girls"]
[Site "Batumi"]
[Date "2016.10.30"]
[Round "11.7"]
[White "Gaal, Zsoka"]
[Black "Alen, Aisha"]
[Result "1-0"]
[WhiteElo "1763"]
[BlackElo "1322"]
[PlyCount "117"]
[EventDate "2016.10.19"]
[EventType "swiss"]
[EventRounds "11"]
[EventCountry "GEO"]
[SourceTitle "EXT 2018"]
[Source "ChessBase"]
[SourceDate "2017.10.13"]
[SourceVersion "1"]
[SourceVersionDate "2017.10.13"]
[SourceQuality "1"]

1. d4 Nf6 2. Nf3 b6 3. g3 Bb7 4. Bg2 e6 5. 0-0 Be7 6. c4 d6 7. Nc3 Nbd7 8. Bf4 0-0 9. Qc2 c5 10. dxc5 Nxc5 11. Rfd1 Qb8 12. Rac1 Rd8 13. b4 Ncd7 14. Rd2 Nf8 15. Rcd1 Ng6 16. Bg5 a6 17. Qb3 Qc7 18. Na4 Bc6 19. Bxf6 Bxf6 20. Nb2 d5 21. b5 dxc4 22. Qxc4 Rxd2 23. Nxd2 axb5 24. Qxc6 Qxc6 25. Bxc6 Rc8 26. Bxb5 Bxb2 27. Nc4 Bf6 28. a4 Rd8 29. Rc1 Rc8 30. Rb1 Bd8 31. Kf1 Ne7 32. e4 Nc6 33. Nd6 Rc7 34. Rc1 Na7 35. Rd1 Kf8 36. Nxf7 Kxf7 37. Rxd8 Nxb5 38. axb5 Rb7 39. Rd6 e5 40. Ke2 Ke7 41. Rc6 Kd7 42. Kd3 Ra7 43. Rxb6 Ra3+ 44. Ke2 Ra2+ 45. Kf3 Ra7 46. Kg4 g6 47. Kg5 Ke7 48. Ra6 Rb7 49. b6 Ke6 50. f4 Kd6 51. Kf6 exf4 52. gxf4 Kc6 53. e5 Kd5 54. e6 Kd6 55. e7 Kd7 56. Ra7 Ke8 57. Rxb7 g5 58. Ke6 gxf4 59. Rb8# 1-0